000 00419nmm a2200157Ia 4500
008 251105s9999||||xx |||||||||||||||||und||
041 _aspa
100 _aGalera, Geovanna
245 0 _aPor primera vez
264 _a[Madrid, España] :
_bEditorial Egales,
_c2018
300 _a242 páginas
490 _aNarrativa
650 _aRomance
856 _uhttps://public.digitaliapublishing.com/a/169927
942 _cCF
999 _c100186
_d100186